Con đường dẫn tới tài năng

Wedi'i Gadw mewn:
Manylion Llyfryddiaeth
Prif Awdur: Lệ Nguyên
Fformat: Llyfr
Iaith:Undetermined
Cyhoeddwyd: Hà Nội Thanh niên 1978
Pynciau:
Tagiau: Ychwanegu Tag
Dim Tagiau, Byddwch y cyntaf i dagio'r cofnod hwn!
Thư viện lưu trữ: Trung tâm Học liệu Trường Đại học Cần Thơ
LEADER 00480nam a2200169Ia 4500
001 CTU_6087
008 210402s9999 xx 000 0 und d
082 |a 370.19 
082 |b L250 
100 |a Lệ Nguyên 
245 0 |a Con đường dẫn tới tài năng 
245 0 |c Lệ Nguyên, Thế Trường 
260 |a Hà Nội 
260 |b Thanh niên 
260 |c 1978 
650 |a education 
980 |a Trung tâm Học liệu Trường Đại học Cần Thơ